01141cam a22003254i 4500003000900000005001700009008004100026035001900067040003300086082002300119100004100142245004800183264002900231336002100260337002500281338002300306505038400329526000900713526000900722526000900731526000900740526000900749526000900758526000800767526000800775526000800783526000800791526000800799526000800807PE-LiUPU20250731184550.0150625s r 000 0 d a(Sirsi) a33405 aPE-LiUPUbspacPE-LiUPUerda04a985.31304bV652211 aVilcarino Guzman, Carlos H.,eautor.10aHuaura en el consenso historico del Perú. 1aLima :bConcytec,c1989. atext2rdacontent aunmediated2rdamedia avolume2rdacarrier0 aHistoria del distrito de Huara. - Evolución histórica: Origen de la población, Restos históricos, Epoca de la colonia, Gradería subterranea colonial,Epoca de la emancipación, El batallón numancia en Huaura, época republicana, Fray José de Guadalupe en Huaura, Aspecto agrario. - Apendice: Proclama, Proclama de San Martín, General Don José de San Martín. aP136 aP135 aP134 aP133 aP144 aP143 aP87 aP35 aP20 aP14 aP10 aP06